000 00390nam a2200145Ia 4500
008 220204s9999 xx 000 0 und d
082 _a33:630
_bRUM
100 _aDUERR, William A
245 0 _aSocial sciences in Forestry: A book of readings
260 _aLondon
_bWB Saunders
_c1975
650 _aForest economics
650 _aForest management
700 _aRUMSEY, Fay
942 _cBK
999 _c24947
_d24947